| 000 | 02294cam a22003975a 4500 | ||
|---|---|---|---|
| 999 |
_c20933 _d20905 |
||
| 001 | 17461401 | ||
| 003 | EG-ScBUE | ||
| 005 | 20200205115257.0 | ||
| 008 | 120912s2013 ilua f bf 001 0 eng d | ||
| 020 | _a9780226816388 (paperback : alkaline paper) | ||
| 020 | _a0226816389 | ||
| 040 |
_aICU/DLC _beng _erda _cICU _dDLC _dEG-ScBUE |
||
| 082 | 0 | 4 |
_a808.066378 _bTUR _222 |
| 100 | 1 |
_aTurabian, Kate L, _eauthor. _938521 |
|
| 245 | 1 | 2 |
_aA manual for writers of research papers, theses, and dissertations : _bChicago Style for students and researchers / _cKate L. Turabian ; revised by Wayne C. Booth [and three others] |
| 250 | _aEighth edition. | ||
| 264 | 1 |
_aChicago ; _aLondon : _bUniversity of Chicago Press, _c2013. |
|
| 300 |
_axv, 448 pages : _billustrations ; _c24 cm. |
||
| 336 |
_2rdacontent _atext _btxt |
||
| 337 |
_2rdamedia _aunmediated _bn |
||
| 338 |
_2rdacarrier _avolume _bnc |
||
| 490 | 0 | _aChicago guides to writing, editing and publishing | |
| 500 | _aIncludes appendices. | ||
| 504 | _aIncludes bibliographical references and index. | ||
| 520 | _aThis manual has a three-part structure, beginning with an overview of the steps in the research and writing process, including formulating questions, reading critically, building arguments, and revising drafts. Part II provides an overview of citation practices with detailed information on the two main scholarly citation styles (notes-bibliography and author-date), an array of source types with contemporary examples, and detailed guidance on citing online resources. The final section treats all matters of editorial style, with advice on punctuation, capitalization, spelling, abbreviations, table formatting, and the use of quotations. Style and citation recommendations have been revised throughout to reflect the sixteenth edition of The Chicago Manual of Style. | ||
| 650 | 7 |
_aDissertations, Academic _vHandbooks, manuals, etc. _2BUEsh |
|
| 650 | 7 |
_aAcademic writing _vHandbooks, manuals, etc. _2BUEsh |
|
| 651 | _2BUEsh | ||
| 653 |
_cOctober2015 _bHHUUEENN |
||
| 655 | _vReading book | ||
| 700 | 1 |
_aBooth, Wayne C, _eeditor. _940527 |
|
| 700 | 1 |
_aColomb, Gregory G, _eeditor. |
|
| 700 | 1 |
_aWilliams, Joseph M, _eeditor. |
|
| 710 | 2 |
_aUniversity of Chicago Press. _bEditorial Staff, _eeditor. |
|
| 942 |
_2ddc _cBB |
||